| 000 | 02032nam a2200433 a 4500 | ||
|---|---|---|---|
| 001 | ebr10085321 | ||
| 003 | CaPaEBR | ||
| 006 | m u | ||
| 007 | cr cn||||||||| | ||
| 008 | 020826s2003 enk sb 001 0 eng | ||
| 020 | _z0195160789 (alk. paper) | ||
| 040 |
_aCaPaEBR _cCaPaEBR |
||
| 035 | _a(OCoLC)57137201 | ||
| 043 | _an-us--- | ||
| 050 | 1 | 4 |
_aPS153.N5 _bB668 2003eb |
| 082 | 0 | 4 |
_a810.9/96073 _221 |
| 100 | 1 |
_aBrooks, Joanna, _d1971- |
|
| 245 | 1 | 0 |
_aAmerican Lazarus _h[electronic resource] : _breligion and the rise of African-American and native American literatures / _cJoanna Brooks. |
| 260 |
_aOxford ; _aNew York : _bOxford University Press, _c2003. |
||
| 300 | _avi, 255 p. | ||
| 504 | _aIncludes bibliographical references (p. 229-247) and index. | ||
| 533 |
_aElectronic reproduction. _bPalo Alto, Calif. : _cebrary, _d2013. _nAvailable via World Wide Web. _nAccess may be limited to ebrary affiliated libraries. |
||
| 600 | 1 | 0 |
_aOccom, Samson, _d1723-1792. |
| 650 | 0 |
_aAmerican literature _xAfrican American authors _xHistory and criticism. |
|
| 650 | 0 |
_aChristianity and literature _zUnited States _xHistory _y18th century. |
|
| 650 | 0 |
_aAmerican literature _yRevolutionary period, 1775-1783 _xHistory and criticism. |
|
| 650 | 0 |
_aAmerican literature _yColonial period, ca. 1600-1775 _xHistory and criticism. |
|
| 650 | 0 |
_aAmerican literature _xIndian authors _xHistory and criticism. |
|
| 650 | 0 |
_aAmerican literature _y1783-1850 _xHistory and criticism. |
|
| 650 | 0 |
_aHymns, English _zUnited States _xHistory and criticism. |
|
| 650 | 0 |
_aChristian literature, American _xHistory and criticism. |
|
| 650 | 0 |
_aIndians of North America _xIntellectual life. |
|
| 650 | 0 |
_aAfrican Americans _xIntellectual life. |
|
| 650 | 0 | _aAfrican Americans in literature. | |
| 650 | 0 | _aIndians in literature. | |
| 655 | 7 |
_aElectronic books. _2local |
|
| 710 | 2 | _aebrary, Inc. | |
| 856 | 4 | 0 |
_uhttp://site.ebrary.com/lib/rucke/Doc?id=10085321 _zAn electronic book accessible through the World Wide Web; click to view |
| 999 |
_c67254 _d67254 |
||